• 首页
  • 本馆介绍
  • 公告通知
  • 最新文献
  • 馆藏检索
  • 电子资源
  • 读者导购
  • 参考咨询
  • 我的图书馆
  • 登录
  • 详细信息显示
  • 放入我的书架
  • 预约/预借图书
  • 作者相关作品
  • 分类相关作品
  • 丛书相关作品
  • 出版社相关作品

书目信息

  • 表格格式
  • 工作单格式
  • 卡片格式
书名: Contemporary transportation
作者: Donald F. Wood, James C. Johnson
分册号:
分册名:
出版地: Upper Saddle River, NJ :
 
出版社: Prentice Hall
出版时间: c1996.
页数: 548 p. :
开本: 24 cm.
丛书名:
中图分类号:
科图分类号:
其他分类号: F5
主题词:
电子资源:
000 01025nam 2200313 a 4500
001 E0753854024
003 DLC
005 20070423150306.92
008 001 0 eng
008 uu
010    @a95037966
020    @a0133769712.
040    @aDLC @cDLC @dDLC
043    @an-us---
049    @aN5LA
050 00 @aHE203 @b.W66 1996
082 00 @a388/.0973 @220
090    @aF5
099    @dF5@ex47=4
100 1  @aWood, Donald F., @d1935-
245 10 @aContemporary transportation / @cDonald F. Wood, James C. Johnson
250    @a4th ed.
260    @aUpper Saddle River, NJ :@bPrentice Hall,@cc1996.
300    @a548 p. :@bill., maps ;@c24 cm.
504    @aIncludes bibliographical references and indexes.
650  0 @aTransportation.
650  0 @aTransportation @zUnited States.
700 1  @aJohnson, James C., @d1944- @b00 @c20020930 @lNLC09 @h2252 @b00 @c20021019 @lNLC09 @h1650 @lNLC09 @h0012 @lNLC09 @h2005 @b00 @c20030601 @lNLC09 @h1931
852 9  @bWWJC @cJ09 @k2-97 @hF517.122 @iW87/1996
    
    Contemporary transportation / / Donald F. Wood, James C. Johnson.-4th ed.-Upper Saddle River, NJ : : Prentice Hall, , c1996.
    548 p. : : ill., maps ; ; 24 cm.
    Includes bibliographical references and indexes.
    
    ISBN 0133769712.
    
●
相关链接 在E读中查询图书 在五车中查询图书 在当当中查询图书 在豆瓣中查询图书


正题名:Contemporary transportation     索取号:F5/x47=4         预约/预借

序号 登录号 条形码 馆藏地/架位号 状态 备注
1 4856   300048561   第二样本阅览室/ [索取号:F5/x47=4] 在馆    
2 4857   300048570   第四借阅区/ [索取号:F5/x47=4] 在馆    
唐山师范学院图书馆 欢迎您!
大连网信软件有限公司© 版权所有